Score 0/10 Timer 01:00
12 Plays Today
Country % Correct
Argentina
97.7%
Paraguay
93.4%
Uruguay
92.8%
Peru
92.5%
Colombia
89.6%
Bolivia
88.2%
Venezuela
87.9%
Suriname
81.8%
Guyana
81%
France (French Guiana)
51.4%

You're not logged in!

Compare scores with friends on all Sporcle quizzes.
OR
Log In

Sporcle TV

Today on Sporcle TV


Watch our educational content, quiz creation guides, and fun videos on Sporcle TV.

Show Comments

Extras

Top Quizzes Today


Score Distribution

Paid Content

Your Account Isn't Verified!

In order to create a playlist on Sporcle, you need to verify the email address you used during registration. Go to your Sporcle Settings to finish the process.

Report this User

Report this user for behavior that violates our Community Guidelines.

Details: